000 00726nam a2200229 a 4500
005 20240228064038.0
008 120703s2000 mx r 000 0 spa d
020 _a9681662326
035 _aUPN01000185658
049 _aI
050 4 _aPZ23
_bH4.9
100 1 _aHeitz, Bruno,
_d1957-
_936501
245 1 0 _aYoyo sin miedo /
_cBruno Heitz ; il. de Manuel Monroy ; tr. de Diana Luz Sánchez.
260 _aMéxico :
_bFondo de Cultura Económica,
_c2000.
300 _a33 p. :
_bil.
440 0 _aA la orilla del viento ;
_v141
534 _pTítulo original:
_tjojo sans peur
650 4 _aLiteratura infantil francesa
_913687
650 4 _aLibros y lectura para niños
_92290
905 _aInfantil
999 _c157761
_d157761